000
00340nam a2200145Ia 4500
008
150201s2010 xx 000 0 und d
082
_a
617.3
_b
T10E
100
_a
EBNEZAR, J.
245
_a
TB. OF ORTHOPAEDICS
250
_a
4TH
260
_b
JAYPEE BROTHERS
_a
DELHI
_c
2010
300
_a
1-897
650
_a
ORTHOPAEDICS
942
_2
ddc
_c
BK
_0
36
999
_c
145
_d
145